<?xml version="1.0" encoding="UTF-8"?>
<record
    xmlns:xsi="http://www.w3.org/2001/XMLSchema-instance"
    xsi:schemaLocation="http://www.loc.gov/MARC21/slim http://www.loc.gov/standards/marcxml/schema/MARC21slim.xsd"
    xmlns="http://www.loc.gov/MARC21/slim">

  <leader>00274nam a22001097a 4500</leader>
  <controlfield tag="008">160406b        xxu||||| |||| 00| 0 eng d</controlfield>
  <datafield tag="020" ind1=" " ind2=" ">
    <subfield code="a">0824784800</subfield>
  </datafield>
  <datafield tag="082" ind1=" " ind2=" ">
    <subfield code="a">351 HED</subfield>
  </datafield>
  <datafield tag="100" ind1=" " ind2=" ">
    <subfield code="a">RABIN.</subfield>
  </datafield>
  <datafield tag="245" ind1=" " ind2=" ">
    <subfield code="a">PUBLIC ADMINISTRATION.</subfield>
  </datafield>
  <datafield tag="260" ind1=" " ind2=" ">
    <subfield code="a">BOCARATON;</subfield>
    <subfield code="b">TAYLOR AND FRANCIS,</subfield>
    <subfield code="c">2006.</subfield>
  </datafield>
  <datafield tag="999" ind1=" " ind2=" ">
    <subfield code="c">4104</subfield>
    <subfield code="d">4104</subfield>
  </datafield>
  <datafield tag="952" ind1=" " ind2=" ">
    <subfield code="0">0</subfield>
    <subfield code="1">0</subfield>
    <subfield code="2">ddc</subfield>
    <subfield code="4">0</subfield>
    <subfield code="6">351_000000000000000_HED</subfield>
    <subfield code="7">0</subfield>
    <subfield code="9">6305</subfield>
    <subfield code="a">2000</subfield>
    <subfield code="b">1000</subfield>
    <subfield code="c">Ground Floor </subfield>
    <subfield code="d">2016-04-06</subfield>
    <subfield code="l">0</subfield>
    <subfield code="o">351 HED</subfield>
    <subfield code="p">000000011115</subfield>
    <subfield code="r">2019-07-29</subfield>
    <subfield code="t">1</subfield>
    <subfield code="w">2016-04-06</subfield>
    <subfield code="y">BOOKS</subfield>
  </datafield>
</record>
